000 01525cam a22004577a 4500
001 4283
003 FISKH
005 20240712080459.0
008 120927s2012 nyua j 000 1 eng d
010 _a 2012288121
020 _a9780545231442 (pbk.)
020 _a0545231442 (pbk.)
020 _a9780329910846 (FollettBound)
020 _a0329910841 (FollettBound)
020 _a9781451731576 (Paw Prints)
020 _a1451731574 (Paw Prints)
035 _a(OCoLC)ocn733232320
040 _aBTCTA
_beng
_cBTCTA
_dFISKH
050 _aPZ7.B7633
082 _a449
100 1 _aBridwell, Norman.
245 1 0 _aClifford sees America /
_cNorman Bridwell.
260 _aNew York :
_bScholastic,
_c2012.
300 _a28 unnumbered pages :
_bcolor illustrations ;
_c23 cm
490 0 _aScholastic reader.
_vLevel 1
505 _aJ
520 _aClifford takes a long-overdue vacation--across America.
521 _a430
_bLexile estimate
521 _aJ
_bRaz-Plus
650 0 _aClifford (Fictitious character : Bridwell)
_vJuvenile fiction.
650 0 _aDogs
_vJuvenile fiction.
650 0 _aVacations
_vJuvenile fiction.
650 1 _aClifford (Fictitious character : Bridwell)
_vFiction.
650 1 _aDogs
_vFiction.
650 1 _aVacations
_vFiction.
651 0 _aUnited States
_xDescription and travel
_vJuvenile fiction.
651 1 _aUnited States
_xDescription and travel
_vFiction.
906 _a7
_bcbc
_ccopycat
_d2
_encip
_f20
_gy-gencatlg
942 _2ddc
_cBK
_n0
999 _c4283
_d4283